[Event "aston294"]
[Site "SchemingMind.com"]
[Date "2011.02.25"]
[Round "-"]
[White "jtrochez1"]
[Black "aston294"]
[Result "1-0"]
[WhiteCountry "HON"]
[BlackCountry "ENG"]
[WhiteElo "1557"]
[WhiteRD "49"]
[BlackElo "1075"]
[BlackRD "65"]
[GameID "276907"]

1. e4 e5 2. Bc4 Nc6 3. Qf3 Nf6 4. Nc3 Nd4 5. Qd1 c5 6. Nd5 Nxd5 7. Bxd5 d6 8. d3 f6 9. Be3 g5 10. Qh5+ Kd7
11. Bxd4 exd4 12. O-O-O Qe8 13. Qe2 b5 14. Bxa8 Ba6 15. Bd5 Qe5 16. Nf3 Qf4+ 17. Kb1 b4 18. g3 Qe5 19. Nxe5+ Ke7 20. Nc6+ Kd7
21. Qg4+ Kc7 22. f4 h5 23. Qe6 gxf4 24. gxf4 Bh6 25. Qf7+ Kc8 26. Be6#
1-0

[Event "aston294"]
[Site "SchemingMind.com"]
[Date "2011.02.25"]
[Round "-"]
[White "aston294"]
[Black "jtrochez1"]
[Result "0-1"]
[WhiteCountry "ENG"]
[BlackCountry "HON"]
[WhiteElo "1075"]
[WhiteRD "65"]
[BlackElo "1557"]
[BlackRD "49"]
[GameID "276911"]

1. d4 d5 2. Nf3 Bf5 3. Nc3 Nf6 4. Ne5 e6 5. Nb5 c6 6. Bg5 cxb5 7. Bxf6 gxf6 8. Nf3 Bh6 9. e3 a6 10. Nh4 Bg6
11. Nxg6 fxg6 12. b4 b6 13. c4 bxc4 14. Be2 b5 15. Bg4 f5 16. Bf3 Nc6 17. Rc1 Nxb4 18. Rb1 Nd3+ 19. Qxd3 cxd3 20. O-O Qa5
21. Rfd1 Qxa2 22. Ra1 Qc4 23. Rdc1 Qb4 24. Rcb1 Qd6 25. g4 O-O 26. gxf5 gxf5 27. Rd1 f4 28. Rxd3 fxe3 29. fxe3 Rxf3 30. Kg2 Raf8
31. Rc3 Rf2+ 32. Kg1 Qxh2#
0-1

[Event "aston294"]
[Site "SchemingMind.com"]
[Date "2011.02.26"]
[Round "-"]
[White "Tariel"]
[Black "mmccaffe"]
[Result "1-0"]
[WhiteCountry "RUS"]
[BlackCountry "USA"]
[WhiteElo "1784"]
[WhiteRD "115"]
[BlackElo "1770"]
[BlackRD "63"]
[GameID "276960"]

1. e4 e6 2. d4 d5 3. Nc3 Nf6 4. Bg5 Be7 5. e5 Nfd7 6. h4 Bxg5 7. hxg5 Qxg5 8. Nh3 Qe7 9. Nf4 a6 10. Qg4 g6
11. O-O-O c5 12. dxc5 Nxe5 13. Qg3 Nbc6 14. Nfxd5 exd5 15. Nxd5 Qxc5 16. Nc7+ Ke7 17. Qh4+ f6 18. Nd5+ Kf7 19. b4 Qf8 20. f4 Nd7
21. Bc4 Ke8 22. Nc7+ Kd8 23. Ne6+
1-0

[Event "aston294"]
[Site "SchemingMind.com"]
[Date "2011.02.26"]
[Round "-"]
[White "mmccaffe"]
[Black "Tariel"]
[Result "0-1"]
[WhiteCountry "USA"]
[BlackCountry "RUS"]
[WhiteElo "1770"]
[WhiteRD "63"]
[BlackElo "1784"]
[BlackRD "115"]
[GameID "276966"]

1. e4 e6 2. d4 d5 3. exd5 exd5 4. Bd3 Nf6 5. h3 Nc6 6. c3 Bd7 7. Qe2+ Be7 8. Nf3 O-O 9. O-O Bd6 10. Bg5 Ne7
11. Bxf6 gxf6 12. Qc2 Ng6 13. h4 Bg4 14. Nbd2 Kh8 15. g3 Rg8 16. Qb3 Nf4 17. Bc2 Bxf3 18. Nxf3 Qd7 19. Bd1 Qh3 20. Ne1 Ne2+
21. Bxe2 Bxg3 22. fxg3 Qxg3+
0-1

[Event "aston294"]
[Site "SchemingMind.com"]
[Date "2011.03.10"]
[Round "-"]
[White "Clive Everill"]
[Black "DI DARIO"]
[Result "1-0"]
[WhiteCountry "CZE"]
[BlackCountry "INT"]
[WhiteElo "1679"]
[WhiteRD "53"]
[BlackElo "1642"]
[BlackRD "48"]
[GameID "277591"]

1. e4 e5 2. Bc4 Nf6 3. d3 c6 4. Nf3 d5 5. Bb3 dxe4 6. Ng5 Be6 7. Bxe6 fxe6 8. Nxe6 Qd7 9. Nxf8 Rxf8 10. O-O Na6
11. Nc3 exd3 12. cxd3 O-O-O 13. Be3 b6 14. Qa4 Nc7 15. Qxa7 Nfd5 16. Nxd5 Qxd5 17. Bxb6 Rd7 18. Rac1 Rf6 19. Rfe1 Rfd6 20. Rc5 Qxd3
21. Rcxe5 Qa6 22. Ra5 Qxa7 23. Rxa7 Rd1 24. Rxc7+ Kb8 25. Kf1 Rxe1+ 26. Kxe1 Rxc7 27. Bxc7+ Kxc7 28. Ke2 Kb6 29. Kd3 Kb5 30. f4 Kb4
31. a3+ Kb3 32. Kd4 Kxb2 33. a4 c5+ 34. Kxc5 Kc1 35. a5 Kb1 36. a6 Ka2 37. a7 Ka3 38. a8=Q+ Kb3 39. Qe4 Kb2 40. Qd3 Ka1
41. Qc2 g5 42. Kb4 h5 43. Kb3 gxf4 44. Qb2#
1-0

[Event "aston294"]
[Site "SchemingMind.com"]
[Date "2011.03.10"]
[Round "-"]
[White "DI DARIO"]
[Black "Clive Everill"]
[Result "1-0"]
[WhiteCountry "INT"]
[BlackCountry "CZE"]
[WhiteElo "1642"]
[WhiteRD "48"]
[BlackElo "1679"]
[BlackRD "53"]
[GameID "277595"]

1. Nf3 f5 2. g3 Nc6 3. e3 e5 4. Bb5 d6 5. d4 Bd7 6. O-O Nf6 7. Bxc6 Bxc6 8. dxe5 Bxf3 9. Qxf3 dxe5 10. Qxf5 Bd6
11. Rd1 Qe7 12. Qd3 O-O 13. Qb3+ Kh8 14. Qxb7 Rfb8 15. Qc6 Rb6 16. Qxa8+ Ne8 17. Nc3 c6 18. Rxd6
1-0

[Event "aston294"]
[Site "SchemingMind.com"]
[Date "2011.03.10"]
[Round "-"]
[White "spoke"]
[Black "HanadaNo3"]
[Result "0-1"]
[WhiteCountry "GER"]
[BlackCountry "USA"]
[WhiteElo "1683"]
[WhiteRD "65"]
[BlackElo "2398"]
[BlackRD "110"]
[GameID "278046"]

1. e4 e5 2. Nf3 Nc6 3. Bc4 Nf6 4. Ng5 d5 5. exd5 b5 6. Bf1 h6 7. Nf3 Qxd5 8. Nc3 Qe6 9. Bxb5 Bb7 10. d3 O-O-O
11. Bxc6 Qxc6 12. O-O e4 13. Ne5 Qe6 14. f4 Bc5+ 15. Kh1 Rhe8 16. Qe2 exd3 17. cxd3 Nd5 18. Nxd5 Qxd5 19. Qf3 Qxf3 20. Nxf3 Re2
21. b3 Rxd3 22. Rb1 Rf2 23. Bb2 Rdxf3
0-1

[Event "aston294"]
[Site "SchemingMind.com"]
[Date "2011.03.10"]
[Round "-"]
[White "HanadaNo3"]
[Black "spoke"]
[Result "1-0"]
[WhiteCountry "USA"]
[BlackCountry "GER"]
[WhiteElo "2398"]
[WhiteRD "110"]
[BlackElo "1683"]
[BlackRD "65"]
[GameID "278052"]

1. Nf3 d5 2. c4 e6 3. d4 Nf6 4. Nc3 Be7 5. Bg5 Nbd7 6. cxd5 exd5 7. e3 h6 8. Bf4 c6 9. h3 O-O 10. Bd3 Re8
11. O-O Nf8 12. Re1 Bd6 13. Qc2 Bxf4 14. exf4 Be6 15. Re5 Qc7 16. f5 Bd7 17. Nxd5 Nxd5 18. Rxd5 Rac8 19. Re5 f6 20. Qb3+ Kh8
21. Ree1 Rcd8 22. Qf7 Qc8 23. Nh4 Rxe1+ 24. Rxe1 Re8 25. Rc1 Qd8 26. Bc4
1-0

[Event "aston294"]
[Site "SchemingMind.com"]
[Date "2011.03.20"]
[Round "-"]
[White "emvarela"]
[Black "marooned"]
[Result "1-0"]
[WhiteCountry "ARG"]
[BlackCountry "CHI"]
[WhiteElo "1799"]
[WhiteRD "49"]
[BlackElo "1925"]
[BlackRD "82"]
[GameID "278451"]

1. e4 d6 2. d4 g6 3. Nc3 Bg7 4. f4 Nf6 5. Nf3 O-O 6. Bd3 Nbd7 7. e5 dxe5 8. fxe5 Ne8 9. O-O c5 10. dxc5 Nxc5
11. Bb5 Qb6 12. Be3 Nc7 13. Qe2 Nxb5 14. Qxb5 Qxb5 15. Nxb5 Ne6 16. Nxa7 Bd7 17. a4 Bc6 18. Nxc6 bxc6 19. Rfe1 Rfd8 20. c3 Rab8
21. b4 Rd3 22. Bd2 Rbd8 23. Re2 Nc7 24. Bg5 f6 25. exf6 exf6 26. Bd2 f5 27. Bg5 Rd1+ 28. Rxd1 Rxd1+ 29. Kf2
1-0

[Event "aston294"]
[Site "SchemingMind.com"]
[Date "2011.03.20"]
[Round "-"]
[White "marooned"]
[Black "emvarela"]
[Result "0-1"]
[WhiteCountry "CHI"]
[BlackCountry "ARG"]
[WhiteElo "1925"]
[WhiteRD "82"]
[BlackElo "1799"]
[BlackRD "49"]
[GameID "278461"]

1. d4 Nf6 2. c4 g6 3. Nc3 Bg7 4. e4 d6 5. f3 O-O 6. Bd3 c5 7. d5 e6 8. Nge2 exd5 9. exd5 Nbd7 10. O-O Ne5
11. Bf4 Nxd3 12. Qxd3 Bf5 13. Qd2 Re8 14. Ng3 a6 15. Nxf5 gxf5 16. Rae1 Qd7 17. Bh6 Rxe1 18. Rxe1 Re8 19. Bxg7 Rxe1+ 20. Qxe1 Kxg7
21. Qe3 h6 22. a3 Qe8 23. Qxe8 Nxe8 24. Kf2 Kf6 25. Ke3 Kg5 26. h3 f4+ 27. Kf2 f5 28. b4 Kf6 29. bxc5 dxc5
0-1

[Event "aston294"]
[Site "SchemingMind.com"]
[Date "2011.03.25"]
[Round "-"]
[White "Clive Everill"]
[Black "Tariel"]
[Result "0-1"]
[WhiteCountry "CZE"]
[BlackCountry "RUS"]
[WhiteElo "1689"]
[WhiteRD "54"]
[BlackElo "1876"]
[BlackRD "97"]
[GameID "279087"]

1. e4 e6 2. d4 d5 3. Nd2 c5 4. Ngf3 Nf6 5. e5 Nfd7 6. c4 dxc4 7. Nxc4 cxd4 8. Qxd4 Nc6 9. Nd6+ Bxd6 10. exd6 Nxd4
11. Nxd4 O-O
0-1

[Event "aston294"]
[Site "SchemingMind.com"]
[Date "2011.03.25"]
[Round "-"]
[White "Tariel"]
[Black "Clive Everill"]
[Result "1-0"]
[WhiteCountry "RUS"]
[BlackCountry "CZE"]
[WhiteElo "1876"]
[WhiteRD "97"]
[BlackElo "1689"]
[BlackRD "54"]
[GameID "279093"]

1. e4 e5 2. Nf3 Nc6 3. Bc4 Bc5 4. b4 Bb6 5. a4 Nxb4 6. a5 Bc5 7. c3 Nc6 8. O-O d6 9. d4 exd4 10. cxd4 Bb4
11. d5 Bxa5 12. dxc6 Bb6 13. Bb2 f6 14. Qd5 Qe7 15. cxb7 Bxb7 16. Qxb7 Rd8 17. Nd4 c5 18. Bb5+ Kf8 19. Qxe7+ Kxe7 20. Nc6+
1-0

[Event "aston294"]
[Site "SchemingMind.com"]
[Date "2011.04.01"]
[Round "-"]
[White "CortexContusion"]
[Black "keen"]
[Result "1-0"]
[WhiteCountry "USA"]
[BlackCountry "SCO"]
[WhiteElo "1731"]
[WhiteRD "76"]
[BlackElo "1703"]
[BlackRD "56"]
[GameID "279630"]

1. d4 Nf6 2. c4 e6 3. Nc3 Bb4 4. e3 O-O 5. Bd3 c5 6. Nf3 d5 7. O-O Nc6 8. a3 Bxc3 9. bxc3 cxd4 10. cxd4 dxc4
11. Bxc4 Nd5 12. e4 Nb6 13. Bb3 Bd7 14. Qd3 Rc8 15. Bd2 Na5 16. Bxa5
1-0

[Event "aston294"]
[Site "SchemingMind.com"]
[Date "2011.04.01"]
[Round "-"]
[White "keen"]
[Black "CortexContusion"]
[Result "0-1"]
[WhiteCountry "SCO"]
[BlackCountry "USA"]
[WhiteElo "1703"]
[WhiteRD "56"]
[BlackElo "1731"]
[BlackRD "76"]
[GameID "279636"]

1. e4 e5 2. Nf3 Nf6 3. Nxe5 d6 4. Nf3 Nxe4 5. Bc4 d5 6. Bb3 Be6 7. O-O Nc6 8. c3 Bd6 9. d3 Nf6 10. Ng5 Bg4
11. Re1+ Ne7 12. Qc2 Bf5 13. Nd2 O-O 14. Ndf3 c5 15. Qd1 Qc7 16. Be3 Rad8 17. Qd2 Ng4 18. g3 h6 19. Bf4 Bxf4 20. gxf4 hxg5
21. fxg5 Ng6 22. Kh1 Rde8 23. Bxd5 Nh4
0-1

[Event "aston294"]
[Site "SchemingMind.com"]
[Date "2011.04.08"]
[Round "-"]
[White "Nephi_R"]
[Black "Scooter"]
[Result "0-1"]
[WhiteCountry "PHI"]
[BlackCountry "USA"]
[WhiteElo "1509"]
[WhiteRD "191"]
[BlackElo "1956"]
[BlackRD "66"]
[GameID "279886"]

1. e4 c6 2. d4 d5 3. e5 Bf5 4. Ne2 e6 5. Ng3 Bg6 6. Nd2 Nd7 7. Nf3 h6 8. Bd3 Bxd3 9. Qxd3 c5 10. c3 cxd4
11. cxd4 Bb4+ 12. Bd2 Bxd2+ 13. Nxd2 Ne7 14. O-O Rc8 15. Rfc1 O-O 16. Rc3 Qb6
0-1

[Event "aston294"]
[Site "SchemingMind.com"]
[Date "2011.04.08"]
[Round "-"]
[White "Scooter"]
[Black "Nephi_R"]
[Result "1-0"]
[WhiteCountry "USA"]
[BlackCountry "PHI"]
[WhiteElo "1956"]
[WhiteRD "66"]
[BlackElo "1509"]
[BlackRD "191"]
[GameID "279893"]

1. d4 Nf6 2. Nf3 d5 3. Bf4 Bf5 4. h3 h6 5. e3 e6 6. Bd3 Bxd3 7. Qxd3 a6 8. O-O Be7 9. Nbd2 c6 10. c4 Nbd7
11. c5 b6 12. b4 a5 13. a3 O-O 14. Ne5 Nxe5 15. Bxe5
1-0

[Event "aston294"]
[Site "SchemingMind.com"]
[Date "2011.04.14"]
[Round "-"]
[White "maro"]
[Black "Transcendent"]
[Result "0-1"]
[WhiteCountry "MEX"]
[BlackCountry "ENG"]
[WhiteElo "1333"]
[WhiteRD "59"]
[BlackElo "1915"]
[BlackRD "60"]
[GameID "280589"]

1. c4 Nf6 2. d4 e6 3. Nc3 Bb4 4. Bd2 O-O 5. e3 b6 6. Bd3 Bb7 7. Nf3 c5 8. dxc5 Bxc5 9. Na4 Be7 10. O-O d5
11. cxd5 Nxd5 12. e4 Nf6 13. e5 Nd5 14. Be4 Na6 15. Rc1 Qd7 16. Bd3 Nc5 17. Nxc5 Bxc5 18. a3 Rfd8 19. b4 Bf8
0-1

[Event "aston294"]
[Site "SchemingMind.com"]
[Date "2011.04.14"]
[Round "-"]
[White "Transcendent"]
[Black "maro"]
[Result "1-0"]
[WhiteCountry "ENG"]
[BlackCountry "MEX"]
[WhiteElo "1915"]
[WhiteRD "60"]
[BlackElo "1333"]
[BlackRD "59"]
[GameID "280593"]

1. e4 e5 2. Nf3 Nc6 3. Bb5 Nge7 4. O-O g6 5. Nc3 a6 6. Ba4 Bh6 7. Re1 O-O 8. d3 Bxc1 9. Rxc1 d5 10. exd5 Nxd5
11. Nxd5 Qxd5 12. Bxc6 bxc6 13. Nxe5 c5 14. Nc4 Bb7 15. f3 Qd4+ 16. Kh1 a5 17. c3 Qf6 18. Qd2 Rad8 19. Re2 Ba6 20. Qc2 Bxc4
21. dxc4 Rfe8 22. Rce1
1-0

[Event "aston294"]
[Site "SchemingMind.com"]
[Date "2011.04.11"]
[Round "-"]
[White "THFC"]
[Black "John Hamer"]
[Result "0-1"]
[WhiteCountry "ENG"]
[BlackCountry "ENG"]
[WhiteElo "1239"]
[WhiteRD "129"]
[BlackElo "2025"]
[BlackRD "63"]
[GameID "280643"]

1. e4 e5 2. Nf3 Nc6 3. Bb5 g6 4. Bxc6 dxc6 5. d3 Bg7 6. O-O c5 7. Nc3 Ne7 8. Bg5 O-O 9. Bxe7 Qxe7 10. a3 Be6
11. Nd5 Qd6 12. c4 c6 13. Nc3 Rfd8 14. Ne1 h5 15. h3 Rab8 16. f3 Bh6 17. Nc2 b5 18. cxb5 cxb5 19. Nd5 Bxd5 20. exd5 Qxd5
21. Qe2 c4 22. dxc4 bxc4 23. Nb4 Qc5+ 24. Qf2 Be3
0-1

[Event "aston294"]
[Site "SchemingMind.com"]
[Date "2011.04.11"]
[Round "-"]
[White "John Hamer"]
[Black "THFC"]
[Result "1-0"]
[WhiteCountry "ENG"]
[BlackCountry "ENG"]
[WhiteElo "2025"]
[WhiteRD "63"]
[BlackElo "1239"]
[BlackRD "129"]
[GameID "280651"]

1. d4 d5 2. c4 dxc4 3. e3 e6 4. Bxc4 Nf6 5. Nf3 Bb4+ 6. Nc3 O-O 7. O-O Nc6 8. Bd2 Bxc3 9. Bxc3 h6 10. Ne5 Bd7
11. Qb3 b6 12. Rfd1 a5 13. Qc2 a4 14. Bb5 Qe8 15. Rac1 Nd5 16. Nf3 Nxc3 17. Qxc3 Nb8 18. Bd3 c6 19. Qb4 b5 20. Ne5 Na6
21. Qc3 Rc8 22. Be4 f6 23. Ng6 Rf7 24. Nf4 b4 25. Qc4 Ra8 26. Bg6
1-0

[Event "aston294"]
[Site "SchemingMind.com"]
[Date "2011.04.15"]
[Round "-"]
[White "Yellow"]
[Black "SittingBull"]
[Result "1-0"]
[WhiteCountry "INT"]
[BlackCountry "CAN"]
[WhiteElo "2173"]
[WhiteRD "84"]
[BlackElo "1908"]
[BlackRD "64"]
[GameID "281028"]

1. Nf3 Nf6 2. c4 g6 3. d4 Bg7 4. Nc3 O-O 5. e4 d6 6. Be2 e5 7. O-O Nc6 8. Be3 Nd7 9. dxe5 Ndxe5 10. Nxe5 Nxe5
11. c5 dxc5 12. Bxc5 Re8 13. Qxd8 Rxd8 14. Nd5 c6 15. Nc7 b6 16. Rfd1
1-0

[Event "aston294"]
[Site "SchemingMind.com"]
[Date "2011.04.15"]
[Round "-"]
[White "SittingBull"]
[Black "Yellow"]
[Result "0-1"]
[WhiteCountry "CAN"]
[BlackCountry "INT"]
[WhiteElo "1908"]
[WhiteRD "64"]
[BlackElo "2173"]
[BlackRD "84"]
[GameID "281036"]

1. e4 e5 2. Nf3 Nc6 3. Bb5 a6 4. Ba4 Nf6 5. O-O b5 6. Bb3 Bb7 7. d3 Bc5 8. Bg5 h6 9. Bh4 d6 10. Nc3 g5
11. Bg3 Na5 12. Qe2 Nxb3 13. axb3 b4 14. Nd1 Nh5 15. Ne3 Qe7 16. Nf5 Qf6 17. c3 Nxg3 18. hxg3 h5 19. Qd2 h4 20. Qxg5 Qxg5
21. Nxg5 hxg3 22. Nxg3 Rg8 23. d4 exd4 24. cxd4 Bxd4
0-1

[Event "aston294"]
[Site "SchemingMind.com"]
[Date "2011.04.15"]
[Round "-"]
[White "Trozkij"]
[Black "o.malito"]
[Result "1-0"]
[WhiteCountry "GER"]
[BlackCountry "ITA"]
[WhiteElo "2352"]
[WhiteRD "94"]
[BlackElo "1639"]
[BlackRD "68"]
[GameID "281128"]

1. e4 c5 2. Nf3 d6 3. d4 cxd4 4. Nxd4 Nf6 5. Nc3 a6 6. Be3 e6 7. f3 b5 8. Qd2 b4 9. Na4 Nbd7 10. O-O-O Qa5
11. b3 Bb7 12. Kb1 Be7 13. g4 Rc8 14. g5 Nxe4 15. fxe4 Bxe4 16. Bg2 Bg6 17. h4 e5 18. Nc6 Qc7 19. Qf2 Nb8 20. Nxb4 f6
21. h5 Bf7 22. h6
1-0

[Event "aston294"]
[Site "SchemingMind.com"]
[Date "2011.04.16"]
[Round "-"]
[White "o.malito"]
[Black "Trozkij"]
[Result "0-1"]
[WhiteCountry "ITA"]
[BlackCountry "GER"]
[WhiteElo "1643"]
[WhiteRD "69"]
[BlackElo "2386"]
[BlackRD "89"]
[GameID "281133"]

1. c4 c5 2. Nc3 Nf6 3. Nf3 e6 4. e3 a6 5. d4 d5 6. a3 dxc4 7. Bxc4 b5 8. Ba2 Bb7 9. O-O Bd6 10. dxc5 Bxc5
11. Qxd8+ Kxd8 12. Nd4 Ke7 13. b4 Bb6 14. Rd1 Rd8 15. a4 Nc6 16. Nxc6+ Bxc6 17. a5 Rxd1+ 18. Nxd1 Bc7 19. Bb2 Bd6 20. Bxf6+ gxf6
21. Rb1 Rg8 22. g3 Rd8 23. Kf1 Bf3 24. Nc3 Be5 25. Rc1 Bxc3
0-1

[Event "aston294"]
[Site "SchemingMind.com"]
[Date "2011.04.16"]
[Round "-"]
[White "Ronald R. Nurmi"]
[Black "dadshane2000"]
[Result "1/2-1/2"]
[WhiteCountry "USA"]
[BlackCountry "USA"]
[WhiteElo "1815"]
[WhiteRD "78"]
[BlackElo "1939"]
[BlackRD "85"]
[GameID "281254"]

1. d4 Nf6 2. Bg5 Ne4 3. Bf4 c5 4. f3 Qa5+ 5. c3 Nf6 6. d5 Qb6 7. Bc1 e6 8. c4 d6 9. e4 Be7 10. Nc3 Bd7
11. Bd3 Na6 12. a3 e5 13. Nge2 O-O 14. O-O h6 15. Kh1 Nh7 16. Na4 Qd8 17. Be3 f5 18. exf5 Bxf5 19. Bxf5 Rxf5 20. Ng3 Rf7
21. Nc3 Bg5 22. Bxg5 Nxg5 23. Nge4 Nxe4 24. fxe4 Rxf1+ 25. Qxf1 Qe7 26. Qe2 Nc7 27. Rf1 Rf8 28. Rxf8+=
1/2-1/2

[Event "aston294"]
[Site "SchemingMind.com"]
[Date "2011.04.16"]
[Round "-"]
[White "dadshane2000"]
[Black "Ronald R. Nurmi"]
[Result "1-0"]
[WhiteCountry "USA"]
[BlackCountry "USA"]
[WhiteElo "1939"]
[WhiteRD "85"]
[BlackElo "1815"]
[BlackRD "78"]
[GameID "281256"]

1. e4 d5 2. exd5 Qxd5 3. Nc3 Qd6 4. d4 Nf6 5. Nf3 c6 6. Ne5 Nbd7 7. f4 Nb6 8. g4 Nbd5 9. Bg2 g6 10. g5 Nxc3
11. bxc3 Nd7 12. O-O h6 13. Nf3 Nb6 14. h3 h5 15. Nh4 Nd5 16. c4 Nc7 17. c5 Qd8 18. Qd3 Be6 19. Be4 Qd7 20. f5 gxf5
21. Nxf5 Rg8 22. h4 O-O-O 23. c3 Bxf5 24. Bxf5 e6 25. Be4 Bxc5 26. Qf3 f5 27. dxc5 fxe4 28. Qxe4 b6 29. cxb6 axb6 30. Be3 Kb7
31. c4 Qd6 32. Rf3 Rg7 33. Rb1 Na8 34. Bf2 Qd2 35. Rfb3 Qa5 36. c5 Ka7 37. Qxc6
1-0

[Event "aston294"]
[Site "SchemingMind.com"]
[Date "2011.04.17"]
[Round "-"]
[White "lennart"]
[Black "Faloan"]
[Result "0-1"]
[WhiteCountry "SWE"]
[BlackCountry "GER"]
[WhiteElo "1506"]
[WhiteRD "51"]
[BlackElo "2126"]
[BlackRD "124"]
[GameID "281343"]

1. e4 c5 2. Nc3 d6 3. d3 Nc6 4. Be3 g6 5. Qf3 Nd4 6. Bxd4 cxd4 7. Nce2 Qa5+ 8. c3 Bg7 9. b4 Qb6 10. a3 a5
11. Nxd4 Bxd4 12. cxd4 axb4 13. a4 Qxd4 14. Qd1 Qc3+ 15. Ke2 Be6
0-1

[Event "aston294"]
[Site "SchemingMind.com"]
[Date "2011.04.17"]
[Round "-"]
[White "Faloan"]
[Black "lennart"]
[Result "1-0"]
[WhiteCountry "GER"]
[BlackCountry "SWE"]
[WhiteElo "2126"]
[WhiteRD "124"]
[BlackElo "1506"]
[BlackRD "51"]
[GameID "281345"]

1. e4 e5 2. Bc4 c6 3. d4 exd4 4. Qxd4 Qe7 5. Ne2 d6 6. Nbc3 Nf6 7. Bg5 Be6 8. O-O-O c5 9. Bb5+ Nbd7 10. Bxf6 gxf6
11. Qd3 Bh6+ 12. Kb1 O-O 13. Qxd6 Qxd6 14. Rxd6 Ne5 15. f4 Ng4 16. h3 Ne3 17. Rd3 Nc4 18. Rhd1 Nb6 19. f5 Bc4 20. Bxc4 Nxc4
21. Nd5 Kh8 22. g4 Ne5 23. Rg3 Rad8 24. Rdg1 Rd6 25. h4 Re8 26. Nxf6 Rxf6 27. g5 Rd6 28. gxh6 Rxh6 29. Nf4 Rxh4 30. Nd5 Rh6
31. Ne7 Ng6 32. fxg6 hxg6 33. Nd5 Rxe4 34. Re3 Reh4 35. Kc1 Kg7 36. Re7 b5 37. Rf1 Rh1 38. Rxf7+
1-0

[Event "aston294"]
[Site "SchemingMind.com"]
[Date "2011.04.27"]
[Round "-"]
[White "HanadaNo3"]
[Black "Faloan"]
[Result "1-0"]
[WhiteCountry "USA"]
[BlackCountry "GER"]
[WhiteElo "2456"]
[WhiteRD "99"]
[BlackElo "2101"]
[BlackRD "121"]
[GameID "282369"]

1. Nf3 f5 2. e4 fxe4 3. Ng5 Nc6 4. d3 e3 5. Bxe3 e5 6. Nc3 Be7 7. Qf3 Nf6 8. Nd5 O-O 9. O-O-O Kh8 10. Nxf6 Bxf6
11. Qh5 Bxg5 12. Bxg5 Qe8 13. Qxe8 Rxe8 14. Be2 d6 15. Rhe1 Nd4 16. Bh5 Rf8 17. c3 Ne6 18. Be3 Bd7 19. Bg4
1-0

[Event "aston294"]
[Site "SchemingMind.com"]
[Date "2011.04.27"]
[Round "-"]
[White "Faloan"]
[Black "HanadaNo3"]
[Result "0-1"]
[WhiteCountry "GER"]
[BlackCountry "USA"]
[WhiteElo "2101"]
[WhiteRD "121"]
[BlackElo "2456"]
[BlackRD "99"]
[GameID "282373"]

1. e4 g6 2. d4 Bg7 3. Nc3 d6 4. Be3 a6 5. Qd2 b5 6. h4 Nf6 7. f3 Nbd7 8. O-O-O Nb6 9. Bh6 Bxh6 10. Qxh6 Bb7
11. e5 b4 12. exf6 bxc3 13. bxc3 Kd7 14. fxe7 Qxe7 15. Bd3 Qe6 16. a3 Bc6
0-1

[Event "aston294"]
[Site "SchemingMind.com"]
[Date "2011.04.28"]
[Round "-"]
[White "John Hamer"]
[Black "cnile"]
[Result "1/2-1/2"]
[WhiteCountry "ENG"]
[BlackCountry "SCO"]
[WhiteElo "2024"]
[WhiteRD "62"]
[BlackElo "1442"]
[BlackRD "58"]
[GameID "282468"]

1. d4 Nf6 2. c4 e6 3. Bg5 d5 4. Nf3 Be7 5. Nc3 O-O 6. e3 h6 7. Bf4 Nbd7 8. c5 b6 9. Bd3 bxc5 10. Nb5 c6
11. Bc7 Qe8 12. Nd6 Bxd6 13. Bxd6 c4 14. Bc2 Ba6 15. Rb1 Ne4 16. Bxf8 Nxf8 17. O-O c3 18. Bd3 Bxd3 19. Qxd3 cxb2 20. Rxb2 Qc8
21. Rc1 Nd7 22. Rbc2 c5 23. Qe2 c4 24. Rb2 Nb6 25. Ne5 Qd8 26. Qh5 Nd6 27. Nc6=
1/2-1/2

[Event "aston294"]
[Site "SchemingMind.com"]
[Date "2011.04.28"]
[Round "-"]
[White "cnile"]
[Black "John Hamer"]
[Result "0-1"]
[WhiteCountry "SCO"]
[BlackCountry "ENG"]
[WhiteElo "1442"]
[WhiteRD "58"]
[BlackElo "2024"]
[BlackRD "62"]
[GameID "282471"]

1. d4 e6 2. c4 d5 3. Nf3 Nf6 4. Bg5 Be7 5. e3 O-O 6. Bxf6 Bxf6 7. Nc3 c6 8. cxd5 cxd5 9. Bd3 Nc6 10. O-O Bd7
11. Rc1 Rc8 12. a3 Qe7 13. Qe2 Kh8 14. b4 Qd6 15. Na4 Nxd4 16. Nc5 Nxe2+
0-1

[Event "aston294"]
[Site "SchemingMind.com"]
[Date "2011.05.04"]
[Round "-"]
[White "CortexContusion"]
[Black "emvarela"]
[Result "1/2-1/2"]
[WhiteCountry "USA"]
[BlackCountry "ARG"]
[WhiteElo "1713"]
[WhiteRD "76"]
[BlackElo "1827"]
[BlackRD "52"]
[GameID "283129"]

1. d4 Nf6 2. c4 g6 3. Nc3 Bg7 4. g3 O-O 5. Bg2 d6 6. Nf3 Nc6 7. O-O a6 8. h3 Bd7 9. e4 e5 10. Be3 exd4
11. Bxd4 Nxd4 12. Qxd4 Re8 13. e5 dxe5 14. Nxe5 Nh5 15. Qxd7 Bxe5 16. Qxd8 Raxd8 17. Bxb7 Bxc3 18. bxc3 Re6 19. Bd5 Red6 20. Rfe1 Nf6
21. Rad1 Nxd5 22. cxd5 Rxd5 23. Rxd5 Rxd5 24. Re4 Rc5=
1/2-1/2

[Event "aston294"]
[Site "SchemingMind.com"]
[Date "2011.05.03"]
[Round "-"]
[White "Scooter"]
[Black "ferqwer"]
[Result "1-0"]
[WhiteCountry "USA"]
[BlackCountry "ARG"]
[WhiteElo "1933"]
[WhiteRD "64"]
[BlackElo "1739"]
[BlackRD "97"]
[GameID "283139"]

1. d4 Nf6 2. Nf3 g6 3. Bf4 Bg7 4. h3 d6 5. e3 O-O 6. Be2 Bf5 7. O-O Re8 8. Nbd2 Nc6 9. a3 e5 10. Bg5 h6
11. Bxf6 Bxf6 12. e4 Bd7 13. d5 Nd4 14. c3 Nxe2+ 15. Qxe2 a6 16. c4 c6 17. Qe3 Kg7 18. b4 cxd5 19. cxd5 Rc8 20. Rac1 Bb5
21. Rfe1 Qd7 22. Nb3 Bc4 23. Na5 b5 24. Nxc4 bxc4 25. Qb6 c3 26. Qxa6 Ra8 27. Qd3 Rxa3 28. Rxc3 Rxc3 29. Qxc3 Rc8 30. Qa3 Qb7
31. Rb1 Rc4 32. b5 Qb6 33. Qa6 Bd8 34. Nd2 Rc2 35. Qxb6 Bxb6 36. Rd1 Rb2 37. Nc4 Rxb5 38. Nxd6 Rb2 39. Nc4 Bxf2+ 40. Kf1 Rc2
41. Nxe5 Bg3 42. Nf3 Rf2+ 43. Kg1 Ra2 44. d6 Bf2+ 45. Kf1 Bb6 46. d7 Bd8 47. Rc1 Kf6 48. Rc8 Ke7 49. Ne5 f6 50. Nc6+ Kxd7
51. Rxd8+ Kxc6 52. Rf8 f5 53. exf5 gxf5 54. Rxf5 Kd7 55. Rf6 h5 56. Rf5 h4 57. Rf4 Ra1+ 58. Kf2 Ra2+ 59. Kg1
1-0

[Event "aston294"]
[Site "SchemingMind.com"]
[Date "2011.05.04"]
[Round "-"]
[White "emvarela"]
[Black "CortexContusion"]
[Result "1-0"]
[WhiteCountry "ARG"]
[BlackCountry "USA"]
[WhiteElo "1799"]
[WhiteRD "49"]
[BlackElo "1683"]
[BlackRD "78"]
[GameID "283140"]

1. e4 c5 2. Nf3 d6 3. d4 Nf6 4. Nc3 cxd4 5. Nxd4 g6 6. Be3 Bg7 7. f3 a6 8. Qd2 Nbd7 9. O-O-O O-O 10. h4 e5
11. Nb3 h5 12. Be2 Qc7 13. Qxd6 Qxd6 14. Rxd6 b6 15. Bxb6 Nxb6 16. Rxb6 Rd8 17. Rd1 Rxd1+ 18. Kxd1 Be6 19. Rxa6
1-0